00298nam a2200133Ia 4500008004100000041000800041082001000049100001800059260002600077245002800103250000600131440000600137650002100143220805s9999 xx 000 0 und d aeng a153.9 aSekar, Ragini aChennaibICRDCEc2011 aChild is the Future V 1 a1 v1 aChild Psychology